[Event "European Youth Chess Championship G14"]
[Site "Prague, Top Hotel Prague"]
[Date "2016.08.26"]
[Round "8.32"]
[White "Szczerbacewicz, Nastia"]
[Black "Oliveira, Maria Alice Ramos Ma"]
[Result "1-0"]
[WhiteElo "1565"]
[BlackElo "1667"]
[PlyCount "95"]
[EventDate "2016.08.18"]

1. c4 Nf6 2. g3 g6 3. Bg2 Bg7 4. Nc3 O-O 5. d3 d6 6. Nf3 c6 7. O-O a6 8. Rb1 b5
9. cxb5 axb5 10. Nd4 Ra6 11. a3 Qc7 12. Bd2 Bb7 13. Qc1 Qd7 14. Bh6 Ra8 15. Qg5
e5 16. Bxg7 Kxg7 17. Nf3 Na6 18. e4 Nc5 19. Nh4 Qd8 20. Nf5+ Kh8 21. Nh4 Nxd3
22. b4 Rxa3 23. Qd2 Nxb4 24. Rxb4 Qe7 25. Rb2 Rfa8 26. Rd1 Ra1 27. Rbb1 Rxb1
28. Rxb1 Ne8 29. Nf3 Kg7 30. Ne1 Nc7 31. Nc2 Ne6 32. Rd1 Rd8 33. Qe3 Qc7 34. f4
exf4 35. gxf4 f6 36. Bh3 Nc5 37. Qd4 Bc8 38. Bg2 Bg4 39. Rf1 Qb6 40. Ne3 Bc8
41. Ncd5 cxd5 42. Nxd5 Qa5 43. Qxf6+ Kh6 44. f5 Nd7 45. Qh4+ Kg7 46. f6+ Kh8
47. Ne7 Ne5 48. f7 1-0

[Event "European Youth Chess Championship G14"]
[Site "Prague, Top Hotel Prague"]
[Date "2016.08.26"]
[Round "8.33"]
[White "Golsta, Ramona"]
[Black "Catal, Uktenur"]
[Result "1/2-1/2"]
[WhiteElo "1561"]
[BlackElo "1666"]
[PlyCount "139"]
[EventDate "2016.08.18"]

1. d4 Nf6 2. Nf3 d5 3. Bg5 Ne4 4. Bh4 c5 5. dxc5 Nc6 6. e3 g6 7. Nbd2 Nxc5 8.
Be2 Bg7 9. c3 O-O 10. O-O b6 11. Nd4 Bb7 12. a4 h6 13. Qc2 Rc8 14. Rfb1 Nxd4
15. exd4 Ne6 16. Qd3 Nf4 17. Qe3 g5 18. Bg3 Nxe2+ 19. Qxe2 Rc6 20. a5 a6 21.
axb6 Rxb6 22. f4 e6 23. Nf3 f6 24. fxg5 hxg5 25. h4 g4 26. Ne1 f5 27. Nd3 Qf6
28. Be5 Qxh4 29. Bxg7 Kxg7 30. Qe5+ Kg8 31. Qc7 Qd8 32. Qe5 Qd6 33. Qxd6 Rxd6
34. Nc5 Rf7 35. Ra3 f4 36. Rb3 Bc8 37. Rb8 Rf8 38. Ra1 Kf7 39. Kf2 Kg7 40. Rh1
Rc6 41. Rh5 Rf5 42. Rxf5 exf5 43. Rb4 Kg6 44. Ra4 Kg5 45. Ra1 Rh6 46. Re1 Rh8
47. Re5 Rd8 48. Re7 Rd6 49. Re8 Rc6 50. Rd8 Be6 51. Nxe6+ Rxe6 52. Rxd5 g3+ 53.
Kf1 Kg4 54. Re5 Rf6 55. d5 f3 56. Re6 Rf8 57. Re3 fxg2+ 58. Kxg2 f4 59. Re4 Rh8
60. d6 Rh2+ 61. Kg1 Kf3 62. d7 Rg2+ 63. Kh1 Rh2+ 64. Kg1 Rg2+ 65. Kh1 Rh2+ 66.
Kg1 Rg2+ 67. Kh1 Rh2+ 68. Kg1 Rg2+ 69. Kh1 Rh2+ 70. Kg1 1/2-1/2

[Event "European Youth Chess Championship G14"]
[Site "Prague, Top Hotel Prague"]
[Date "2016.08.26"]
[Round "8.34"]
[White "Munte, Noa"]
[Black "Vidruk, Mariia"]
[Result "1/2-1/2"]
[WhiteElo "1529"]
[BlackElo "1665"]
[PlyCount "89"]
[EventDate "2016.08.18"]

1. d4 Nf6 2. Nf3 e6 3. c4 d5 4. cxd5 exd5 5. Bg5 c6 6. h3 Bd6 7. Nc3 Bf5 8. e3
h6 9. Bh4 Nbd7 10. Bd3 Bxd3 11. Qxd3 Qc7 12. Bxf6 Nxf6 13. O-O O-O 14. Rfc1 Qe7
15. a3 Rfe8 16. Nh4 Ne4 17. Nf3 Ng5 18. Nxg5 Qxg5 19. Na4 Re6 20. Nc5 Rg6 21.
Qf1 b6 22. Nd3 Qf5 23. Kh1 Be7 24. Ne5 Rf6 25. Nxc6 Bd6 26. Kg1 Rg6 27. Kh1 a6
28. b4 Rf6 29. Ra2 Re8 30. Qxa6 Bc7 31. Rac2 Qe4 32. Qe2 Ree6 33. Ne7+ Rxe7 34.
Rxc7 Re8 35. Qc2 Qh4 36. Qa4 Rd8 37. Rd7 Rxf2 38. Rxd8+ Qxd8 39. Qa6 Qg5 40.
Rg1 Qxe3 41. Qxb6 Qxa3 42. Qd8+ Kh7 43. b5 Qb3 44. b6 Rb2 45. Rf1 1/2-1/2

[Event "European Youth Chess Championship G14"]
[Site "Prague, Top Hotel Prague"]
[Date "2016.08.26"]
[Round "8.35"]
[White "Grimaldi, Angela Flavia"]
[Black "Vetshtein, Lior"]
[Result "1/2-1/2"]
[WhiteElo "1662"]
[BlackElo "1489"]
[PlyCount "88"]
[EventDate "2016.08.18"]

1. e4 e6 2. d4 d5 3. Nc3 Bb4 4. exd5 exd5 5. Bd3 Nf6 6. Nge2 Be6 7. O-O Nbd7 8.
Bg5 Bd6 9. Nf4 O-O 10. Ncxd5 h6 11. Nxe6 fxe6 12. Nxf6+ Nxf6 13. Bh4 h5 14. Re1
g5 15. Bxg5 Bxh2+ 16. Kxh2 Qd6+ 17. g3 Ng4+ 18. Kg1 Nxf2 19. Bf4 Rxf4 20. Qxh5
Nxd3 21. Qg6+ Kf8 22. Qxd3 Rxd4 23. Rf1+ Ke7 24. Qh7+ Kd8 25. Qg8+ Kd7 26. Qf7+
Kc6 27. Qf3+ Qd5 28. Qf6 Rd2 29. Qc3+ Kd6 30. Rf2 Rxf2 31. Kxf2 Rf8+ 32. Kg1
Rf3 33. Qb4+ Kd7 34. Qg4 Qc5+ 35. Kh1 Rf2 36. Rd1+ Ke7 37. Qh4+ Rf6 38. Qh7+
Rf7 39. Qh4+ Rf6 40. Rf1 Qc6+ 41. Kg1 Qb6+ 42. Kh1 Qc6+ 43. Kg1 Qb6+ 44. Kh1
Qc6+ 1/2-1/2

[Event "European Youth Chess Championship G14"]
[Site "Prague, Top Hotel Prague"]
[Date "2016.08.26"]
[Round "8.36"]
[White "Janotkova, Katerina"]
[Black "Merkesvik, Amalie Isabel"]
[Result "0-1"]
[WhiteElo "1229"]
[BlackElo "1639"]
[PlyCount "76"]
[EventDate "2016.08.18"]

1. e4 c5 2. d4 cxd4 3. c3 dxc3 4. Nxc3 d6 5. Nf3 Nd7 6. Bf4 Ngf6 7. Bc4 h6 8.
O-O a6 9. Rc1 e5 10. Bg3 b5 11. Bb3 Bb7 12. Qe2 Be7 13. Rfd1 O-O 14. h3 Rc8 15.
Nh2 Qb6 16. Kh1 Nc5 17. Bc2 Ne6 18. Qd2 Nh5 19. Qd3 Nd4 20. Bb1 Nxg3+ 21. Qxg3
Bg5 22. Ng4 Bf4 23. Nf6+ Kh8 24. Nd7 Qd8 25. Qg4 f5 26. Qg6 Qxd7 27. exf5 Qf7
28. Qxd6 Nxf5 29. Qd3 Bxc1 30. Rxc1 e4 31. Qe2 b4 32. Bxe4 Bxe4 33. Qxe4 bxc3
34. Rxc3 Rxc3 35. bxc3 Qxa2 36. Qf3 Qf7 37. g4 Nh4 38. Qxf7 Rxf7 0-1

[Event "European Youth Chess Championship G14"]
[Site "Prague, Top Hotel Prague"]
[Date "2016.08.26"]
[Round "8.37"]
[White "Katkov, Michelle"]
[Black "Liiv, Kristiina"]
[Result "1-0"]
[WhiteElo "1619"]
[BlackElo "1341"]
[PlyCount "93"]
[EventDate "2016.08.18"]

1. e4 c5 2. c3 d5 3. exd5 Qxd5 4. d4 Nc6 5. Nf3 Bg4 6. Be2 Nf6 7. h3 Bh5 8. c4
Qd8 9. d5 Nb8 10. O-O Bxf3 11. Bxf3 Nbd7 12. Nc3 g6 13. Be3 Bg7 14. Qb3 b6 15.
d6 Rb8 16. dxe7 Kxe7 17. Rfe1 Kf8 18. Bf4 Rc8 19. Bb7 Kg8 20. Bxc8 Qxc8 21. Re2
h6 22. Rae1 Kh7 23. Re7 Rf8 24. Qd1 Kg8 25. Qd2 h5 26. Bh6 a6 27. Bxg7 Kxg7 28.
R1e3 Nb8 29. Qd6 Qd8 30. Qxd8 Rxd8 31. Rb7 Nbd7 32. Rd3 Kf8 33. Rxb6 Ra8 34.
Rbd6 Ra7 35. Ne4 Ke7 36. Nxf6 Nxf6 37. Rc6 Nd7 38. f4 a5 39. Re3+ Kf8 40. Rc8+
Kg7 41. Re7 Kf6 42. Rce8 a4 43. g4 hxg4 44. hxg4 g5 45. fxg5+ Kxg5 46. Rxf7
Kxg4 47. Ree7 1-0

[Event "European Youth Chess Championship G14"]
[Site "Prague, Top Hotel Prague"]
[Date "2016.08.26"]
[Round "8.38"]
[White "Petkova, Denitsa"]
[Black "Rosenbaumova, Lea"]
[Result "1/2-1/2"]
[WhiteElo "1602"]
[BlackElo "1432"]
[PlyCount "82"]
[EventDate "2016.08.18"]

1. e4 e6 2. d4 d5 3. Nd2 Nf6 4. e5 Nfd7 5. Bd3 c5 6. c3 Nc6 7. Ne2 Be7 8. O-O
a6 9. Nf3 O-O 10. Re1 b5 11. Bb1 f5 12. exf6 Nxf6 13. Nf4 cxd4 14. Nxd4 Nxd4
15. Qxd4 Qd6 16. Qe3 Ng4 17. Qh3 Rxf4 18. Qxh7+ Kf7 19. Bg6+ Kf6 20. Be8 Bf8
21. Qh4+ g5 22. Qh5 Ke7 23. Qxg5+ Rf6 24. Qxg4 Kxe8 25. Qh5+ Kd7 26. Be3 Bb7
27. Bd4 Rh6 28. Qf7+ Be7 29. Be5 Qc6 30. Qg7 Rh5 31. Bf6 Re8 32. Rad1 Rf5 33.
Bd4 Rg5 34. Qh7 Reg8 35. g3 Kd8 36. Re2 R5g6 37. Rde1 Bc8 38. Qf7 Qe8 39. Qf4
Qc6 40. Qf7 Qe8 41. Qf4 Qc6 1/2-1/2

[Event "European Youth Chess Championship G14"]
[Site "Prague, Top Hotel Prague"]
[Date "2016.08.26"]
[Round "8.39"]
[White "Hrysogelou, Athanasia-Panagiot"]
[Black "Norlamo, Sarabella"]
[Result "1/2-1/2"]
[WhiteElo "1695"]
[BlackElo "1534"]
[PlyCount "68"]
[EventDate "2016.08.18"]

1. d4 d5 2. c4 e6 3. Nc3 Nf6 4. Bg5 Be7 5. e3 h6 6. Bh4 O-O 7. Nf3 b6 8. Rc1
Bb7 9. Bxf6 Bxf6 10. cxd5 exd5 11. b4 c6 12. Bd3 Qd6 13. Qb3 Nd7 14. O-O a5 15.
bxa5 Rxa5 16. Bf5 Ba6 17. Rfd1 Bc4 18. Qb2 Bd8 19. Nd2 Bc7 20. g3 Nf6 21. Bb1
Qe6 22. Kg2 Ng4 23. h3 Nf6 24. Kh2 Nh7 25. Bxh7+ Kxh7 26. h4 Qf6 27. Kg2 Rfa8
28. Qc2+ Kg8 29. e4 Qxd4 30. Nxc4 Qxc4 31. exd5 cxd5 32. Nxd5 Qxc2 33. Rxc2 Bd8
34. Rdd2 Kf8 $11 1/2-1/2

[Event "European Youth Chess Championship G14"]
[Site "Prague, Top Hotel Prague"]
[Date "2016.08.26"]
[Round "8.40"]
[White "Golsta, Madara"]
[Black "Lagazauri, Tamar"]
[Result "0-1"]
[WhiteElo "1675"]
[BlackElo "1505"]
[PlyCount "50"]
[EventDate "2016.08.18"]

1. e4 d6 2. d4 Nf6 3. Nc3 g6 4. Bf4 Bg7 5. Qd2 c6 6. O-O-O O-O 7. h3 Nbd7 8. e5
Ne8 9. Bh6 Qa5 10. Bxg7 Nxg7 11. f4 Nb6 12. Kb1 Be6 13. a3 Nf5 14. Qf2 dxe5 15.
dxe5 Rfd8 16. Bd3 Nd5 17. Nge2 Nfe3 18. Rdg1 Nxc3+ 19. Nxc3 Nd5 20. Ne4 Bf5 21.
g4 Bxe4 22. Bxe4 Qb6 23. Qf3 Ne3 24. Rg3 Nc4 25. Qc3 Nd2+ 0-1

[Event "European Youth Chess Championship G14"]
[Site "Prague, Top Hotel Prague"]
[Date "2016.08.26"]
[Round "8.41"]
[White "Kvamme, Ingrid Jodre"]
[Black "Simkunaite, Gabija"]
[Result "0-1"]
[WhiteElo "1486"]
[BlackElo "1629"]
[PlyCount "118"]
[EventDate "2016.08.18"]

1. Nf3 d5 2. c4 c6 3. b3 Nf6 4. g3 Bg4 5. Bg2 Nbd7 6. O-O e6 7. Bb2 Bd6 8. d3
O-O 9. Nbd2 Qe7 10. Qc2 a5 11. a3 Rfc8 12. e4 e5 13. h3 Bh5 14. Nh4 Bg6 15.
Nxg6 hxg6 16. Rfe1 d4 17. Nf3 b5 18. Reb1 bxc4 19. bxc4 a4 20. Bc1 Nc5 21. Nd2
Rcb8 22. Bf1 Nfd7 23. Be2 f5 24. Bf3 f4 25. Rxb8+ Rxb8 26. Rb1 Qf8 27. Kg2 Qd8
28. Bd1 Rb6 29. Be2 Qb8 30. Rxb6 Qxb6 31. Qb2 Qxb2 32. Bxb2 fxg3 33. fxg3 Nb7
34. Nf3 Kf7 35. h4 Na5 36. Bd1 Nc5 37. Bc2 Nab3 38. Kh3 Bc7 39. Kg2 Kf6 40. Kf2
Ba5 41. Ke2 Bc3 42. Bxc3 dxc3 43. Kd1 Nd4 44. Nxd4 exd4 45. Ke2 Nb3 46. Kf3 g5
47. hxg5+ Kxg5 48. Bd1 Nd2+ 49. Kg2 Nb1 50. Bxa4 Nxa3 51. Kf3 c2 52. Bxc2 Nxc2
53. g4 Nb4 54. e5 c5 55. Ke4 Kg6 56. Kf4 Nxd3+ 57. Ke4 Nb4 58. Kf4 d3 59. Ke3
Kf7 0-1

[Event "European Youth Chess Championship G14"]
[Site "Prague, Top Hotel Prague"]
[Date "2016.08.26"]
[Round "8.42"]
[White "Levin, Emily"]
[Black "Moerwald, Magdalena"]
[Result "1/2-1/2"]
[WhiteElo "1390"]
[BlackElo "1624"]
[PlyCount "64"]
[EventDate "2016.08.18"]

1. d4 Nf6 2. Nf3 g6 3. Bg5 Bg7 4. Nbd2 d5 5. e3 Bf5 6. Be2 O-O 7. O-O Nbd7 8.
c4 c6 9. Rc1 Rc8 10. Re1 Nb6 11. Qb3 dxc4 12. Nxc4 Be6 13. Qd1 h6 14. Bh4 Re8
15. Nfe5 Nxc4 16. Bxc4 Bxc4 17. Rxc4 Nd7 18. Nxd7 Qxd7 19. Bg3 Red8 20. Qc2 Qd5
21. b3 Qa5 22. Rc1 Rd7 23. Rc5 Qb6 24. h3 Rcd8 25. Qe4 e6 26. Qc2 Rd5 27. Qc4
R8d7 28. Qc2 Rxc5 29. Qxc5 Qxc5 30. Rxc5 Rd5 31. Rxd5 cxd5 32. Kf1 Kf8 1/2-1/2

[Event "European Youth Chess Championship G14"]
[Site "Prague, Top Hotel Prague"]
[Date "2016.08.26"]
[Round "8.44"]
[White "Davidson, Laura"]
[Black "Moerwald, Miriam"]
[Result "1/2-1/2"]
[WhiteElo "1453"]
[BlackElo "1618"]
[PlyCount "43"]
[EventDate "2016.08.18"]

1. e4 c6 2. d4 d5 3. exd5 cxd5 4. Bf4 Nf6 5. c3 Nc6 6. Bd3 Bg4 7. Qb3 Qc8 8.
Nd2 e6 9. Ngf3 Be7 10. Ne5 Nxe5 11. Bxe5 O-O 12. O-O Bh5 13. Rae1 Bg6 14. Bxg6
hxg6 15. Qd1 Qd7 16. Bxf6 Bxf6 17. Qg4 b5 18. Re3 Qe7 19. Nf3 a5 20. h4 b4 21.
Ng5 Ra6 22. Rg3 1/2-1/2

[Event "European Youth Chess Championship G14"]
[Site "Prague, Top Hotel Prague"]
[Date "2016.08.26"]
[Round "8.45"]
[White "Markova, Kristyna"]
[Black "Minko, Olga"]
[Result "1/2-1/2"]
[WhiteElo "1536"]
[BlackElo "1622"]
[PlyCount "65"]
[EventDate "2016.08.18"]

1. e4 e5 2. Nf3 Nc6 3. Bb5 Nf6 4. O-O Nxe4 5. Re1 Nd6 6. Nxe5 Be7 7. Bd3 Nxe5
8. Rxe5 O-O 9. Nc3 Bf6 10. Re3 Re8 11. Nd5 Bd4 12. Rf3 c6 13. Ne3 b6 14. c3 Bf6
15. Ng4 Bg5 16. Bc2 Qe7 17. Ne3 f5 18. d4 g6 19. Nf1 Ba6 20. Bxg5 Qxg5 21. Bd3
Bb7 22. Rg3 Qf6 23. Qc2 Re7 24. Re3 Rae8 25. Rae1 Re6 26. Qb3 Kg7 27. Rxe6 dxe6
28. Qa3 Nc8 29. Ne3 e5 30. Nc4 e4 31. Bf1 Qe7 32. Qxe7+ Rxe7 33. Ne5 1/2-1/2

[Event "European Youth Chess Championship G14"]
[Site "Prague, Top Hotel Prague"]
[Date "2016.08.26"]
[Round "8.46"]
[White "Lorencova, Michaela"]
[Black "Akulova, Alicia"]
[Result "0-1"]
[WhiteElo "1491"]
[BlackElo "1611"]
[PlyCount "92"]
[EventDate "2016.08.18"]

1. e4 c5 2. Nf3 e6 3. d4 cxd4 4. Nxd4 Nf6 5. Nc3 Nc6 6. Nxc6 bxc6 7. Bd3 d5 8.
O-O Be7 9. Bf4 a6 10. Qf3 O-O 11. e5 Nd7 12. Qg3 Re8 13. Bh6 Bf8 14. Bg5 f6 15.
exf6 Nxf6 16. Qh4 h6 17. Bxf6 Qxf6 18. Qxf6 gxf6 19. Rfe1 Kf7 20. Re3 Bd6 21.
Rf3 e5 22. Re1 Bg4 23. Rg3 h5 24. Be2 Bxe2 25. Nxe2 e4 26. Rb3 $13 c5 27. Rb7+
Kg6 28. Rd7 Rad8 29. Ra7 d4 30. Nc1 d3 31. cxd3 exd3 32. Rxe8 Rxe8 33. Nxd3 c4
34. Nf4+ Bxf4 35. g3 Be5 36. Rxa6 Bxb2 37. Rc6 c3 38. Kf1 Ra8 39. Ke2 Rxa2 40.
h4 Ba3+ 41. Kd3 c2 42. Rxc2 Rxc2 43. Kxc2 Bc5 44. f3 Bf2 45. g4 hxg4 46. fxg4
Bxh4 0-1

[Event "European Youth Chess Championship G14"]
[Site "Prague, Top Hotel Prague"]
[Date "2016.08.26"]
[Round "8.47"]
[White "Mura, Marta"]
[Black "Greibrokk, Maria"]
[Result "1/2-1/2"]
[WhiteElo "1483"]
[BlackElo "1567"]
[PlyCount "48"]
[EventDate "2016.08.18"]

1. d4 d5 2. Nf3 c6 3. Bf4 Nf6 4. c3 e6 5. e3 Be7 6. Bd3 Nbd7 7. Nbd2 O-O 8. O-O
c5 9. Re1 b6 10. dxc5 Nxc5 11. Bc2 Ba6 12. Ne5 Rc8 13. Qf3 Bd6 14. Nb3 Qc7 15.
Nxc5 bxc5 16. Ng4 Nd7 17. Nh6+ Kh8 18. Bxd6 Qxd6 19. Nxf7+ Rxf7 20. Qxf7 Nf6
21. Qxa7 Nd7 22. Ba4 Rc7 23. Qa8+ Rc8 24. Qa7 Rc7 1/2-1/2

[Event "European Youth Chess Championship G14"]
[Site "Prague, Top Hotel Prague"]
[Date "2016.08.26"]
[Round "8.48"]
[White "Dziho, Sadzida"]
[Black "Smith, Rachel Lorna"]
[Result "0-1"]
[WhiteElo "1539"]
[BlackElo "1616"]
[PlyCount "70"]
[EventDate "2016.08.18"]

1. d4 Nf6 2. c4 c5 3. e3 g6 4. Nf3 cxd4 5. exd4 d5 6. c5 Bg7 7. Be2 O-O 8. O-O
Nc6 9. Be3 b6 10. Bb5 Bb7 11. Nc3 Rc8 12. Qa4 Qc7 13. Rfe1 Rfd8 14. cxb6 axb6
15. Rac1 Ra8 16. Qb3 Na5 17. Qb4 Nc6 18. Qb3 e6 19. Na4 Nd7 20. Bg5 Rdc8 21.
Qd3 Qb8 22. Bh4 Qa7 23. Nc3 Ba6 24. Red1 Nb4 25. Qe2 Bxb5 26. Qxb5 Na6 27. a3
Qb7 28. Qd3 Nc7 29. Qe3 b5 30. Ne5 Nxe5 31. dxe5 b4 32. axb4 Qxb4 33. Bf6 Qxb2
34. Rb1 Qa3 35. Ra1 Qxa1 0-1

[Event "European Youth Chess Championship G14"]
[Site "Prague, Top Hotel Prague"]
[Date "2016.08.27"]
[Round "9.1"]
[White "Maltsevskaya, Aleksandra"]
[Black "Zotova, Anastasia"]
[Result "1/2-1/2"]
[WhiteElo "2341"]
[BlackElo "2137"]
[PlyCount "126"]
[EventDate "2016.08.18"]

1. e4 c5 2. Nf3 d6 3. d4 cxd4 4. Nxd4 Nf6 5. Nc3 a6 6. h3 e5 7. Nde2 b5 8. g4
Bb7 9. Bg2 b4 10. Nd5 Nxd5 11. exd5 Be7 12. Ng3 O-O 13. Be3 Re8 14. O-O Nd7 15.
a3 a5 16. axb4 axb4 17. Qd2 Ba6 18. Rfc1 Qc7 19. Qxb4 Reb8 20. Qa5 Qb7 21. b3
Bf1 22. Qd2 Bxg2 23. Kxg2 Nf6 24. Rxa8 Qxa8 25. c4 Rxb3 26. Qc2 Rb4 27. Qc3 Ra4
28. Qb3 h6 29. Rb1 Bf8 30. Nf5 Qa6 31. Rc1 Qa8 32. Kh2 Ne4 33. Qd3 Nf6 34. Rb1
Ra3 35. Qe2 Ne4 36. Rb2 Nc3 37. Qc2 Na4 38. Rb5 Nc3 39. Rb6 Na4 40. Rc6 Nc5 41.
Bxc5 dxc5 42. Ne3 Ra2 43. Qf5 Qb8 44. Kg2 g6 45. Qf3 Ra1 46. Qe4 Ra2 47. Qf3
Ra1 48. Qe4 Ra2 49. d6 Bxd6 50. Qd5 Be7 51. Rxg6+ Kf8 52. Rxh6 Qb2 53. Qf3 Bg5
54. Rh7 Bf4 55. Nf5 Kg8 56. Rg7+ Kf8 57. g5 Qb1 58. g6 fxg6 59. Qd5 Rxf2+ 60.
Kxf2 Qc2+ 61. Kf3 Qc3+ 62. Kf2 Qc2+ 63. Kf1 Qc1+ 1/2-1/2

[Event "European Youth Chess Championship G14"]
[Site "Prague, Top Hotel Prague"]
[Date "2016.08.27"]
[Round "9.2"]
[White "Solozhenkina, Elizaveta"]
[Black "Antova, Gabriela"]
[Result "1/2-1/2"]
[WhiteElo "2275"]
[BlackElo "2241"]
[PlyCount "89"]
[EventDate "2016.08.18"]

1. e4 c5 2. Nf3 d6 3. d4 cxd4 4. Nxd4 Nf6 5. f3 e5 6. Nb3 Be6 7. c4 Nbd7 8. Be3
Rc8 9. Na3 a6 10. Be2 Be7 11. O-O O-O 12. Qd2 Qc7 13. Rac1 Qb8 14. Rfd1 Rfd8
15. Bf1 Nc5 16. Na1 Bd7 17. b4 Ne6 18. Bb6 Rf8 19. Nb3 Ba4 20. Nb1 Nd7 21. Be3
b6 22. Nc3 Bc6 23. Nd5 Bxd5 24. cxd5 Nc7 25. g3 Qb7 26. Bh3 Na8 27. a4 Rfd8 28.
a5 b5 29. Rxc8 Rxc8 30. Rc1 Kf8 31. f4 Rxc1+ 32. Qxc1 Bf6 33. Qc2 Ke8 34. Nc1
Qc7 35. Qxc7 Nxc7 36. Nd3 Kd8 37. Kf2 g6 38. Kf3 Bg7 39. g4 exf4 40. Bxf4 Ne8
41. Bg5+ Kc7 42. Bf4 Bc3 43. Bf1 Nef6 44. Nc5 Nb8 45. Nd3 1/2-1/2

[Event "European Youth Chess Championship G14"]
[Site "Prague, Top Hotel Prague"]
[Date "2016.08.27"]
[Round "9.3"]
[White "Berdnyk, Mariia"]
[Black "Goltseva, Ekaterina"]
[Result "1-0"]
[WhiteElo "2204"]
[BlackElo "2213"]
[PlyCount "149"]
[EventDate "2016.08.18"]

1. e4 e5 2. Nf3 Nc6 3. Bb5 a6 4. Ba4 Nf6 5. O-O Be7 6. Re1 b5 7. Bb3 d6 8. c3
O-O 9. h3 Nd7 10. d4 Bf6 11. d5 Ne7 12. a4 Bb7 13. Bc2 Qb8 14. Nbd2 g6 15. Nf1
Bg7 16. Ne3 Kh8 17. Qe2 c6 18. dxc6 Bxc6 19. Rd1 Nc5 20. Nd5 Nxd5 21. exd5 Bd7
22. axb5 axb5 23. Be3 Na6 24. Ra5 Nc7 25. Rxa8 Qxa8 26. Ng5 Qa6 27. Qe1 Qb7 28.
Bb3 h6 29. Ne4 Ne8 30. Ra1 f5 31. Ra7 Qc8 32. Nd2 Nf6 33. f3 g5 34. Qb1 Re8 35.
Bf2 e4 36. fxe4 fxe4 37. Bd4 e3 38. Nf3 Re7 39. Qa1 Qf8 40. Ra8 Ne8 41. Qe1 e2
42. Bf2 Bxh3 43. Nd4 Bd7 44. Ne6 Bxe6 45. dxe6 Be5 46. Qxe2 Kg7 47. Bd4 Qf4 48.
Bxe5+ Qxe5 49. Qf2 Qf6 50. Qd2 Qf4 51. Qxf4 gxf4 52. Rd8 Kf6 53. Rd7 Nc7 54.
Rxd6 Ke5 55. Rd7 Kf6 56. Rxe7 Kxe7 57. Kf2 Na6 58. Bd5 b4 59. Kf3 Kd6 60. Bc4
bxc3 61. bxc3 Nc5 62. Bd5 Nd3 63. c4 Ke7 64. Ke4 Nc5+ 65. Kxf4 Kf6 66. Kg4 Na6
67. Kh5 Nc7 68. Kxh6 Ke7 69. g4 Ne8 70. g5 Nd6 71. g6 Kf6 72. Kh7 Nf5 73. Be4
Ng7 74. e7 Ne8 75. Bc6 1-0

[Event "European Youth Chess Championship G14"]
[Site "Prague, Top Hotel Prague"]
[Date "2016.08.27"]
[Round "9.4"]
[White "Olde, Grete"]
[Black "Peycheva, Gergana"]
[Result "1/2-1/2"]
[WhiteElo "1727"]
[BlackElo "2134"]
[PlyCount "117"]
[EventDate "2016.08.18"]

1. e4 c5 2. Nf3 e6 3. c3 d5 4. exd5 Qxd5 5. d4 Nf6 6. Na3 Nc6 7. Nb5 Qd8 8.
dxc5 Bxc5 9. Qxd8+ Kxd8 10. Bf4 Ne4 11. Rd1+ Ke7 12. Be3 Bxe3 13. fxe3 Bd7 14.
Nbd4 f6 15. g3 e5 16. Nb5 Rad8 17. Bg2 Bg4 18. O-O Nc5 19. h3 Be6 20. b3 a6 21.
Na3 Ne4 22. Nxe5 Nxe5 23. Bxe4 Bxh3 24. Rfe1 b5 25. Nc2 f5 26. Bg2 Bg4 27. Rd4
Nf3+ 28. Bxf3 Bxf3 29. Nb4 a5 30. Nd3 Kf6 31. Nc5 Rc8 32. Nd7+ Ke6 33. c4 bxc4
34. Nb6 Rcd8 35. Nxc4 Rxd4 36. exd4+ Kd5 37. Re5+ Kxd4 38. Rxf5 Bd5 39. Nxa5
Ra8 40. Rf4+ Ke5 41. Ra4 Rf8 42. Nc4+ Kf6 43. Nb6 Be6 44. Rf4+ Ke7 45. Rxf8
Kxf8 46. a4 Bxb3 47. a5 Bc2 48. a6 Be4 49. a7 h5 50. a8=Q+ Bxa8 51. Nxa8 g5 52.
Kf2 Kg7 53. Kf3 Kf6 54. Nb6 Kf5 55. Nc4 g4+ 56. Ke3 Kg5 57. Nd2 h4 58. Ne4+ Kh5
59. Nf6+ 1/2-1/2

[Event "European Youth Chess Championship G14"]
[Site "Prague, Top Hotel Prague"]
[Date "2016.08.27"]
[Round "9.5"]
[White "Koroleva, Evgeniya"]
[Black "Swiech, Joanna"]
[Result "1-0"]
[WhiteElo "1940"]
[BlackElo "1888"]
[PlyCount "43"]
[EventDate "2016.08.18"]

1. d4 f5 2. c4 e6 3. Nf3 Nf6 4. g3 b6 5. Bg2 Bb7 6. O-O Be7 7. Nc3 O-O 8. d5
Qe8 9. Nd4 c5 10. Ndb5 Qc8 11. Bf4 Ne8 12. e4 Kh8 13. Qd2 Na6 14. Rad1 fxe4 15.
Nxe4 exd5 16. cxd5 Nb8 17. Rfe1 a6 18. Nbd6 Bxd6 19. Nxd6 Nxd6 20. Bxd6 Rg8 21.
Qg5 a5 22. Be4 1-0

[Event "European Youth Chess Championship G14"]
[Site "Prague, Top Hotel Prague"]
[Date "2016.08.27"]
[Round "9.6"]
[White "Kucharska, Honorata"]
[Black "Schneider, Jana"]
[Result "1/2-1/2"]
[WhiteElo "1851"]
[BlackElo "2105"]
[PlyCount "73"]
[EventDate "2016.08.18"]

1. e4 e5 2. Nf3 Nc6 3. Bc4 Bc5 4. d3 Nf6 5. c3 O-O 6. Bb3 d5 7. Qe2 dxe4 8.
dxe4 Qe7 9. Bg5 a6 10. O-O Nd8 11. Nh4 g6 12. Nd2 Ne6 13. Bxe6 Qxe6 14. b4 Be7
15. Nhf3 Rd8 16. Nc4 Nd7 17. Bxe7 Qxe7 18. Rad1 f6 19. a4 Re8 20. Ne3 c6 21.
Nc4 Nf8 22. Nfd2 Ne6 23. Nb6 Nf4 24. Qf3 Rb8 25. Nb3 h5 26. h3 Be6 27. Nc5 Rbd8
28. Rxd8 Rxd8 29. Rd1 Kf7 30. a5 Rxd1+ 31. Qxd1 g5 32. Kf1 Kg6 33. Nxe6 Qxe6
34. Qd7 Qb3 35. Qe8+ Kg7 36. Qe7+ Kg6 37. Qe8+ 1/2-1/2

[Event "European Youth Chess Championship G14"]
[Site "Prague, Top Hotel Prague"]
[Date "2016.08.27"]
[Round "9.7"]
[White "Esadze, Tamari"]
[Black "Malicka, Maria"]
[Result "1-0"]
[WhiteElo "1763"]
[BlackElo "2009"]
[PlyCount "59"]
[EventDate "2016.08.18"]

1. e4 e5 2. Nf3 Nc6 3. Bb5 a6 4. Ba4 Nf6 5. O-O Be7 6. Re1 b5 7. Bb3 d6 8. h3
Na5 9. c3 Nxb3 10. axb3 Bb7 11. d3 c5 12. Nbd2 O-O 13. Nf1 Qc7 14. Ng3 g6 15.
Bh6 Rfe8 16. Qd2 Kh8 17. Nh2 Bf8 18. Bxf8 Rxf8 19. f4 exf4 20. Qxf4 Nd7 21. Rf1
Rae8 22. Ng4 Qc6 23. Nf6 Re6 24. Qh6 Rxf6 25. Rxf6 Kg8 26. Nh5 gxh5 27. Rxd6
Qc7 28. Qg5+ Kh8 29. Qe7 Rd8 30. Rf1 1-0

[Event "European Youth Chess Championship G14"]
[Site "Prague, Top Hotel Prague"]
[Date "2016.08.27"]
[Round "9.8"]
[White "Verbin, Valentina"]
[Black "Pipia, Ekaterine"]
[Result "1-0"]
[WhiteElo "1928"]
[BlackElo "1661"]
[PlyCount "91"]
[EventDate "2016.08.18"]

1. e4 c5 2. Nf3 d6 3. d4 cxd4 4. Nxd4 Nf6 5. Nc3 g6 6. Be3 Bg7 7. f3 O-O 8. Qd2
Nc6 9. g4 Nxd4 10. Bxd4 Qa5 11. g5 Nh5 12. Bxg7 Kxg7 13. O-O-O Be6 14. Kb1 b5
15. Be2 Rfc8 16. Qd4+ Kg8 17. Nd5 Bxd5 18. exd5 Qc7 19. Rc1 Qc5 20. Qd2 Ng7 21.
f4 Rcb8 22. Bg4 Ne8 23. h4 Nc7 24. Bf3 b4 25. c4 bxc3 26. Rxc3 Qb4 27. Rh2 Nb5
28. Rc8+ Rxc8 29. Qxb4 Rab8 30. Rc2 Nc3+ 31. bxc3 Rxb4+ 32. cxb4 Rb8 33. a3 a5
34. Rb2 axb4 35. axb4 Kf8 36. b5 Ke8 37. Be2 Kd7 38. b6 e6 39. Bb5+ Kd8 40. Bc6
e5 41. fxe5 dxe5 42. b7 Kc7 43. Ra2 e4 44. Kc1 e3 45. Kd1 Re8 46. Bxe8 1-0

[Event "European Youth Chess Championship G14"]
[Site "Prague, Top Hotel Prague"]
[Date "2016.08.27"]
[Round "9.9"]
[White "Beydullayeva, Govhar"]
[Black "Nestorovic, Katarina"]
[Result "1-0"]
[WhiteElo "1945"]
[BlackElo "2059"]
[PlyCount "79"]
[EventDate "2016.08.18"]

1. d4 Nf6 2. c4 e6 3. Nf3 Bb4+ 4. Nbd2 O-O 5. a3 Bxd2+ 6. Qxd2 d6 7. e3 b6 8.
Be2 Bb7 9. O-O Ne4 10. Qc2 f5 11. b4 Nd7 12. d5 e5 13. Nd2 Nxd2 14. Bxd2 Qg5
15. f3 Rf6 16. f4 Qg6 17. Bd3 e4 18. Be2 Qf7 19. a4 Rh6 20. Bc3 Qe7 21. g3 a6
22. Qb3 Kf7 23. Bd4 Nf6 24. a5 Qd8 25. Rfd1 Rb8 26. Rab1 Nd7 27. Qc3 Qg8 28. c5
dxc5 29. bxc5 Bxd5 30. cxb6 cxb6 31. axb6 Ke8 32. Bxa6 Rc6 33. Qa5 g6 34. Bb5
Rcc8 35. Be5 Rb7 36. Bc7 Be6 37. Bc6 Rbxc7 38. bxc7 Ke7 39. Bb7 Bb3 40. Qb4+
1-0